| 000 | 00478nam a2200205Ia 4500 | ||
|---|---|---|---|
| 003 | OSt | ||
| 005 | 20220331143654.0 | ||
| 008 | 210210b1993 xxu||||| |||| 00| 0 eng d | ||
| 040 |
_aAL _c |
||
| 041 | _aEnglish | ||
| 082 | _a657.45 SHAA | ||
| 100 |
_aSHARMA (T R). _927022 |
||
| 245 | _aAuditing: principles and problems. | ||
| 250 | _a9 | ||
| 260 |
_aAgra _bSahitya Bhavan _c1993 |
||
| 300 | _avi,480 | ||
| 650 |
_aAuditing _927023 |
||
| 906 | _a048088 | ||
| 942 |
_2ddc _cBK |
||
| 999 |
_c96724 _d96724 |
||